000 00298nam a22001337a 4500
008 170327b xxu||||| |||| 00| 0 eng d
020 _a1929622287
041 _aeng
080 _a615.83
100 _a8
101 _ashm
245 _aHISTORY AND PHYSICAL EXAMINATION
_cCHAN, P.D
942 _2udc
_cBK
999 _c8725
_d8725